[Event "Pinneberg-ch 37th"]
[Site "Pinneberg"]
[Date "2019.08.29"]
[Round "4"]
[White "Sausmikat, Michael"]
[Black "Albers, Friedemann"]
[Result "1-0"]
[WhiteElo "1640"]
[BlackElo "1715"]
[PlyCount "57"]
[EventDate "2019.08.08"]
[EventType "swiss"]
[EventRounds "7"]
[EventCountry "GER"]
[SourceTitle "CBM 192 Extra"]
[Source "Chessbase"]
[SourceDate "2019.11.06"]
[SourceVersion "1"]
[SourceVersionDate "2019.11.06"]
[SourceQuality "1"]

1. d4 d5 2. c4 e6 3. Nc3 Nf6 4. Bg5 c6 5. e3 Nbd7 6. Nf3 Be7 7. c5 b6 8. b4 bxc5 9. dxc5 h6 10. Bh4 a5 11. a3 Ba6 12. Bxa6 Rxa6 13. 0-0 0-0 14. Nd4 Qa8 15. f3 Rb8 16. Rb1 axb4 17. axb4 e5 18. Nf5 Bf8 19. Bf2 Ra3 20. Qc1 g6 21. Ng3 Ne8 22. Rd1 Nc7 23. Nge2 Nb5 24. Nxb5 Rxb5 25. Nc3 Rb7 26. b5 Bxc5 27. bxc6 Rxb1 28. Nxb1 Qxc6 29. Nxa3 1-0

[Event "Hamburg-ch Seniors 65+"]
[Site "Hamburg"]
[Date "2018.11.07"]
[Round "8"]
[White "Albers, Friedemann"]
[Black "Raedisch, Peter"]
[Result "1-0"]
[WhiteElo "1820"]
[BlackElo "1659"]
[PlyCount "117"]
[EventDate "2018.10.31"]
[EventType "swiss"]
[EventRounds "9"]
[EventCountry "GER"]
[SourceTitle "CBM 189 Extra"]
[Source "ChessBase"]
[SourceDate "2019.05.31"]
[SourceVersion "1"]
[SourceVersionDate "2019.05.31"]
[SourceQuality "1"]

1. Nf3 Nf6 2. d4 d5 3. c4 dxc4 4. e3 e6 5. Bxc4 Bb4+ 6. Bd2 Bd6 7. Nc3 a6 8. Rc1 0-0 9. e4 Bb4 10. Qe2 Nc6 11. a3 Be7 12. e5 Nd5 13. Bd3 f5 14. Nxd5 Qxd5 15. Bc4 Qe4 16. d5 exd5 17. Qxe4 fxe4 18. Bxd5+ Kh8 19. Bxe4 Bd7 20. 0-0 Rac8 21. Rfd1 Be8 22. Be3 Nd8 23. Nd4 h6 24. Bf5 Rb8 25. Rxc7 Bg5 26. f4 Ba4 27. Rf1 Bb5 28. Rf2 g6 29. Bxg6 Nc6 30. fxg5 Rxf2 31. Kxf2 Rf8+ 32. Rf7 Rxf7+ 33. Bxf7 Nxe5 34. Nxb5 Nxf7 35. g6 Nd8 36. Nd6 Kg7 37. Bb6 Ne6 38. Nxb7 Kxg6 39. Nc5 Nf4 40. Kf3 Nd5 41. Na4 Kf5 42. Bd4 h5 43. Nc5 Nc7 44. g3 Nb5 45. Bc3 Nc7 46. Ba5 Nb5 47. Nxa6 Nd4+ 48. Kf2 Kg4 49. Kg2 Nc2 50. Bd2 Nd4 51. Nc5 Kf5 52. a4 Nc6 53. a5 Ke5 54. Nd3+ Kd4 55. Nf4 h4 56. g4 Kc4 57. g5 Kb3 58. Bc3 Ne7 59. g6 1-0

[Event "Hamburg-ch Seniors 65+"]
[Site "Hamburg"]
[Date "2018.11.05"]
[Round "6"]
[White "Albers, Friedemann"]
[Black "Voigt, Detlev"]
[Result "0-1"]
[WhiteElo "1820"]
[BlackElo "1949"]
[PlyCount "52"]
[EventDate "2018.10.31"]
[EventType "swiss"]
[EventRounds "9"]
[EventCountry "GER"]
[SourceTitle "CBM 189 Extra"]
[Source "ChessBase"]
[SourceDate "2019.05.31"]
[SourceVersion "1"]
[SourceVersionDate "2019.05.31"]
[SourceQuality "1"]

1. d4 Nf6 2. c4 e6 3. Nc3 Bb4 4. Qc2 0-0 5. Nf3 d5 6. Bd2 c5 7. e3 Nc6 8. a3 cxd4 9. Nxd4 Bc5 10. Nb3 Be7 11. cxd5 exd5 12. Be2 Be6 13. 0-0 Rc8 14. Rac1 a6 15. Rfd1 b5 16. Qb1 Bd6 17. Nd4 Nxd4 18. exd4 Ng4 19. g3 Qf6 20. Be3 Nxh2 21. Kg2 Ng4 22. Rh1 Nxe3+ 23. fxe3 h6 24. Qd3 Qg5 25. e4 dxe4 26. Nxe4 Bd5 0-1

[Event "Hamburg-ch Seniors 65+"]
[Site "Hamburg"]
[Date "2018.11.03"]
[Round "4"]
[White "Albers, Friedemann"]
[Black "Hotze, Kurt"]
[Result "1-0"]
[WhiteElo "1820"]
[BlackElo "1693"]
[PlyCount "58"]
[EventDate "2018.10.31"]
[EventType "swiss"]
[EventRounds "9"]
[EventCountry "GER"]
[SourceTitle "CBM 189 Extra"]
[Source "ChessBase"]
[SourceDate "2019.05.31"]
[SourceVersion "1"]
[SourceVersionDate "2019.05.31"]
[SourceQuality "1"]

1. d4 d5 2. c4 e6 3. Nc3 c6 4. e3 Nf6 5. Qc2 Bb4 6. Bd2 0-0 7. Nf3 Bxc3 8. Bxc3 Ne4 9. Bb4 Re8 10. Bd3 f5 11. 0-0 Nd7 12. Rac1 a5 13. Ba3 Ndf6 14. b3 Kh8 15. Ne5 Kg8 16. Rfe1 Nd7 17. f3 Nxe5 18. dxe5 Ng5 19. Bb2 Bd7 20. e4 fxe4 21. fxe4 dxc4 22. Bxc4 b5 23. Be2 Rf8 24. Rf1 Qb6+ 25. Kh1 Rxf1+ 26. Rxf1 c5 27. Qd2 Nxe4 28. Qxd7 Nf2+ 29. Rxf2 c4 1-0

[Event "Pinneberg-ch"]
[Site "Pinneberg"]
[Date "2018.08.30"]
[Round "3"]
[White "Albers, Friedemann"]
[Black "Linke, Harry"]
[Result "1-0"]
[WhiteElo "1730"]
[BlackElo "1520"]
[PlyCount "111"]
[EventDate "2018.08.16"]
[EventType "swiss"]
[EventRounds "7"]
[EventCountry "GER"]
[SourceTitle "EXT 2019"]
[Source "ChessBase"]
[SourceDate "2018.10.10"]
[SourceVersion "1"]
[SourceVersionDate "2018.10.10"]
[SourceQuality "1"]

1. d4 d5 2. Nf3 Nf6 3. c4 dxc4 4. e3 Bg4 5. Bxc4 Bxf3 6. Qxf3 c6 7. Nc3 e6 8. 0-0 Bd6 9. e4 e5 10. d5 b5 11. Bb3 b4 12. Ne2 c5 13. Ba4+ Nbd7 14. Bg5 0-0 15. Bxd7 Qxd7 16. Bxf6 gxf6 17. Qxf6 Qe7 18. Qxe7 Bxe7 19. Ng3 Rfd8 20. Rac1 Rac8 21. Rc4 Bg5 22. Nf5 Rd7 23. h4 Bd8 24. Re1 Bb6 25. Re3 f6 26. Kh2 a5 27. Kh3 h5 28. Ng3 Rh7 29. Rf3 Kf7 30. Nf5 Rd8 31. Rd3 Ke8 32. Ne3 Kd7 33. Rc2 Rc8 34. Nc4 Bd8 35. Re2 Rg7 36. Ree3 Rg4 37. f3 Rg7 38. g4 hxg4+ 39. fxg4 Ra8 40. Rf3 Ra6 41. Rf5 a4 42. Rg3 Ke7 43. g5 Kf7 44. Nxe5+ Ke8 45. Nc6 Bc7 46. Rgf3 fxg5 47. hxg5 Kd7 48. Rf7+ Rxf7 49. Rxf7+ Kc8 50. g6 Rxc6 51. dxc6 Be5 52. g7 Bxg7 53. Rxg7 c4 54. Rb7 b3 55. axb3 c3 56. bxc3 1-0

[Event "Pinneberg-ch"]
[Site "Pinneberg"]
[Date "2018.08.16"]
[Round "1"]
[White "Albers, Friedemann"]
[Black "Bremer, Wolfgang"]
[Result "1-0"]
[WhiteElo "1730"]
[BlackElo "1410"]
[PlyCount "87"]
[EventDate "2018.08.16"]
[EventType "swiss"]
[EventRounds "7"]
[EventCountry "GER"]
[SourceTitle "EXT 2019"]
[Source "ChessBase"]
[SourceDate "2018.10.10"]
[SourceVersion "1"]
[SourceVersionDate "2018.10.10"]
[SourceQuality "1"]

1. d4 d5 2. c4 e6 3. Nc3 Nf6 4. Bg5 Be7 5. e3 0-0 6. Nf3 Nbd7 7. Rc1 c6 8. Qc2 h6 9. Bh4 Nh5 10. Bxe7 Qxe7 11. Be2 Nhf6 12. 0-0 Re8 13. Rfd1 b6 14. Qb3 Rb8 15. cxd5 exd5 16. Qa4 Bb7 17. b4 Ng4 18. h3 Nxf2 19. Kxf2 Qxe3+ 20. Kf1 Re6 21. Qc2 Rbe8 22. Qd2 Nf6 23. Qxe3 Rxe3 24. Ne5 c5 25. bxc5 bxc5 26. Ng4 Nxg4 27. Bxg4 Ba6+ 28. Kf2 cxd4 29. Rxd4 Bc4 30. Nxd5 Bxd5 31. Rxd5 Ra3 32. Rd2 Re5 33. Bd1 Rf5+ 34. Kg1 g5 35. Bb3 Ra6 36. Rf1 Raf6 37. Rxf5 Rxf5 38. Rf2 Rxf2 39. Kxf2 Kf8 40. g4 Ke7 41. Ke3 h5 42. Ke4 hxg4 43. hxg4 f5+ 44. Kxf5 1-0

[Event "Schleswig-Holstein-ch HT"]
[Site "Bad Segeberg"]
[Date "2018.03.28"]
[Round "7"]
[White "Walter, Jens"]
[Black "Albers, Friedemann"]
[Result "0-1"]
[WhiteElo "1618"]
[BlackElo "1825"]
[PlyCount "72"]
[EventDate "2018.03.24"]
[EventType "swiss"]
[EventRounds "9"]
[EventCountry "GER"]
[SourceTitle "EXT 2023"]
[Source "ChessBase"]
[SourceDate "2022.10.05"]
[SourceVersion "1"]
[SourceVersionDate "2022.10.05"]
[SourceQuality "1"]

1. d4 d5 2. Bf4 Nf6 3. Nf3 c5 4. c3 cxd4 5. cxd4 Qb6 6. Qb3 Qxb3 7. axb3 e6 8. e3 Bd7 9. Bd3 Nc6 10. Nbd2 Nb4 11. Bb1 Bb5 12. h3 Rc8 13. Kd1 a6 14. g4 h6 15. g5 hxg5 16. Nxg5 Be7 17. Ndf3 Nd3 18. Bxd3 Bxd3 19. Rc1 Rxc1+ 20. Kxc1 Nh5 21. Nxf7 0-0 22. Rg1 Nxf4 23. exf4 Rxf7 24. Ne5 Rxf4 25. Nxd3 Rxd4 26. Kd2 Bf6 27. Rg4 Kf7 28. Rxd4 Bxd4 29. f3 Kf6 30. f4 Kf5 31. b4 b6 32. b3 Ke4 33. Ke2 Bc3 34. b5 axb5 35. h4 g6 36. b4 Bf6 0-1

[Event "Pinneberg-ch"]
[Site "Pinneberg"]
[Date "2017.10.19"]
[Round "7"]
[White "Lotfifar, Azadeh"]
[Black "Albers, Friedemann"]
[Result "0-1"]
[WhiteElo "1228"]
[BlackElo "1664"]
[PlyCount "66"]
[EventDate "2017.09.07"]
[EventType "swiss"]
[EventRounds "7"]
[EventCountry "GER"]
[SourceTitle "EXT 2019"]
[Source "ChessBase"]
[SourceDate "2018.10.10"]
[SourceVersion "1"]
[SourceVersionDate "2018.10.10"]
[SourceQuality "1"]

1. d4 Nf6 2. c4 e6 3. Nc3 Bb4 4. a3 Bxc3+ 5. bxc3 b6 6. Bg5 h6 7. Bh4 Bb7 8. f3 d5 9. cxd5 exd5 10. e3 0-0 11. Bd3 Re8 12. Qd2 Qe7 13. Kf2 Ne4+ 14. fxe4 Qxh4+ 15. g3 Qg4 16. Nf3 Nd7 17. Rhf1 Re7 18. Kg2 Rae8 19. Rae1 Nf6 20. Ne5 Nxe4 21. Qc2 Qe6 22. Rf4 f6 23. Ng6 Rd7 24. Re2 Kh7 25. Nh4 g5 26. Rf5 gxh4 27. Ref2 Rf7 28. c4 hxg3 29. hxg3 Rg8 30. cxd5 Rxg3+ 31. Kh2 Bxd5 32. Bxe4 Bxe4 33. Re5 Qh3# 0-1

[Event "Pinneberg-ch"]
[Site "Pinneberg"]
[Date "2017.09.21"]
[Round "3"]
[White "Albers, Friedemann"]
[Black "Heimbrodt, Birk"]
[Result "1-0"]
[WhiteElo "1664"]
[BlackElo "1720"]
[PlyCount "69"]
[EventDate "2017.09.07"]
[EventType "swiss"]
[EventRounds "7"]
[EventCountry "GER"]
[SourceTitle "EXT 2019"]
[Source "ChessBase"]
[SourceDate "2018.10.10"]
[SourceVersion "1"]
[SourceVersionDate "2018.10.10"]
[SourceQuality "1"]

1. d4 d5 2. Nf3 c6 3. e3 Bg4 4. c4 e6 5. Qb3 Qc7 6. Nc3 Nd7 7. Be2 f5 8. Ng5 Ke7 9. Nf3 g6 10. Bd2 Qb6 11. Qc2 Bg7 12. Rc1 Bxf3 13. gxf3 Ngf6 14. cxd5 Nxd5 15. Nxd5+ exd5 16. b4 Rhe8 17. a4 Rac8 18. h4 Kf7 19. h5 Qd8 20. Qb3 Nf6 21. hxg6+ hxg6 22. b5 Re7 23. bxc6 bxc6 24. Qa3 Qd7 25. Bb4 Ree8 26. Bd6 Rh8 27. Rxh8 Rxh8 28. Qc5 Ne8 29. Bg3 Bf8 30. Qxc6 Bb4+ 31. Kf1 Rh1+ 32. Kg2 Qxc6 33. Rxc6 Ra1 34. Ra6 Ra2 35. Rxa7+ 1-0

[Event "Hamburg-ch Seniors 22nd"]
[Site "Hamburg"]
[Date "2015.11.05"]
[Round "9"]
[White "Albers, Friedemann"]
[Black "Behrensen Senfft, Joern"]
[Result "1-0"]
[WhiteElo "1858"]
[BlackElo "1674"]
[PlyCount "43"]
[EventDate "2015.10.28"]
[EventType "swiss"]
[EventRounds "9"]
[EventCountry "GER"]
[SourceTitle "EXT 2018"]
[Source "ChessBase"]
[SourceDate "2017.10.13"]
[SourceVersion "1"]
[SourceVersionDate "2017.10.13"]
[SourceQuality "1"]

1. d4 e6 2. c4 f5 3. Nc3 c6 4. Nf3 Nf6 5. e3 d5 6. Be2 Bd6 7. a3 Nbd7 8. b4 b6 9. cxd5 exd5 10. b5 c5 11. dxc5 Nxc5 12. Nd4 Be5 13. Bb2 Bxd4 14. Qxd4 Nb3 15. Qe5+ Kf7 16. Rd1 d4 17. Bc4+ Kg6 18. Bxb3 Re8 19. Qg3+ Kh6 20. Qh4+ Nh5 21. Rxd4 g5 22. Qxh5+ 1-0

[Event "Hamburg-ch Seniors 22nd"]
[Site "Hamburg"]
[Date "2015.10.31"]
[Round "4"]
[White "Wagner, Wolfgang"]
[Black "Albers, Friedemann"]
[Result "0-1"]
[WhiteElo "1681"]
[BlackElo "1858"]
[PlyCount "53"]
[EventDate "2015.10.28"]
[EventType "swiss"]
[EventRounds "9"]
[EventCountry "GER"]
[SourceTitle "EXT 2018"]
[Source "ChessBase"]
[SourceDate "2017.10.13"]
[SourceVersion "1"]
[SourceVersionDate "2017.10.13"]
[SourceQuality "1"]

1. e4 d5 2. exd5 Nf6 3. d4 Nxd5 4. Nf3 g6 5. c4 Nb6 6. c5 Nd5 7. Bc4 Bg7 8. Nc3 Nxc3 9. bxc3 0-0 10. 0-0 b6 11. cxb6 axb6 12. Re1 e6 13. a4 Ba6 14. Bb3 Nc6 15. Ba3 Re8 16. Qd2 Na5 17. Qc2 Bb7 18. Ne5 Qg5 19. f3 Rad8 20. Bc1 Qh4 21. Bd2 c5 22. Nxf7 Kxf7 23. Re3 cxd4 24. Bxe6+ Rxe6 25. Rxe6 Kxe6 26. Re1+ Kf7 27. Qd3 0-1

[Event "Pinneberg op Seniors 16th"]
[Site "Pinneberg"]
[Date "2015.07.02"]
[Round "1"]
[White "Sagitow, Kamil"]
[Black "Albers, Friedemann"]
[Result "0-1"]
[WhiteElo "1356"]
[BlackElo "1698"]
[PlyCount "100"]
[EventDate "2015.07.02"]
[EventType "swiss"]
[EventRounds "7"]
[EventCountry "GER"]
[SourceTitle "EXT 2017"]
[Source "ChessBase"]
[SourceDate "2016.10.25"]
[SourceVersion "1"]
[SourceVersionDate "2016.10.25"]
[SourceQuality "1"]

1. e4 d5 2. e5 c5 3. Nf3 Nc6 4. c3 Bg4 5. Qe2 e6 6. h3 Bh5 7. g4 Bg6 8. d3 h5 9. g5 Be7 10. h4 Qb6 11. Nbd2 a5 12. Qd1 Bd8 13. Qb3 Qc7 14. d4 c4 15. Qa4 Qb8 16. Be2 b5 17. Qd1 Nge7 18. Nf1 Nf5 19. Ng3 Ra7 20. Bf4 b4 21. Qd2 Rb7 22. 0-0 bxc3 23. bxc3 Rb2 24. Qd1 Be7 25. Nxf5 Bxf5 26. Kg2 g6 27. Kg3 0-0 28. Bc1 Rb6 29. Qd2 Qc7 30. Ne1 Rfb8 31. f4 R8b7 32. Ng2 Qb8 33. Ne3 Be4 34. Qd1 Na7 35. Qe1 Nb5 36. Nd1 Bf5 37. Ne3 Be4 38. Bd1 Bd3 39. Rf2 Na3 40. Bf3 Rb1 41. Rxb1 Rxb1 42. Qd2 Ra1 43. Bxa3 Bxa3 44. Nd1 Bb1 45. Qe1 Bxa2 46. Qe2 Qb1 47. Nb2 Bb3 48. Bg2 Ra2 49. Qf1 Rxb2 50. Qxb1 Rxb1 0-1

[Event "Schleswig Holstein-ch Seniors"]
[Site "Leck"]
[Date "2014.??.??"]
[Round "6"]
[White "Albers, Friedemann"]
[Black "Hencke, Heiko"]
[Result "1-0"]
[WhiteElo "1888"]
[BlackElo "1644"]
[PlyCount "47"]
[EventDate "2014.04.12"]
[EventType "swiss"]
[EventRounds "9"]
[EventCountry "GER"]
[SourceTitle "EXT 2018"]
[Source "ChessBase"]
[SourceDate "2017.10.13"]
[SourceVersion "1"]
[SourceVersionDate "2017.10.13"]
[SourceQuality "1"]

1. d4 d5 2. e4 dxe4 3. Nc3 Nf6 4. f3 exf3 5. Nxf3 e6 6. Bg5 Be7 7. Bd3 b6 8. Bxf6 Bxf6 9. Be4 c6 10. 0-0 0-0 11. Kh1 Bb7 12. Bd3 Nd7 13. Ne4 Qe7 14. Nxf6+ Nxf6 15. Ne5 Rad8 16. Rf3 c5 17. Rh3 g6 18. Qd2 Rxd4 19. Qh6 Qd6 20. Rf1 Qd5 21. Rhf3 Nh5 22. Bxg6 hxg6 23. Nxg6 f5 24. Ne7+ 1-0

[Event "SH-ch Seniors op"]
[Site "Eckernfoerde"]
[Date "2012.10.03"]
[Round "5.21"]
[White "Kiesbye, Hanfried"]
[Black "Albers, Friedemann"]
[Result "0-1"]
[WhiteElo "1660"]
[BlackElo "1941"]
[PlyCount "74"]
[EventDate "2012.09.29"]
[EventType "swiss"]
[EventRounds "7"]
[EventCountry "GER"]
[SourceTitle "EXT 2022"]
[Source "ChessBase"]
[SourceDate "2021.10.06"]
[SourceVersion "1"]
[SourceVersionDate "2021.10.06"]
[SourceQuality "1"]

1. Nc3 d5 2. e3 Nf6 3. f4 c5 4. d3 Nc6 5. Nf3 e6 6. Ne2 b6 7. Ng3 Be7 8. Be2 Bb7 9. 0-0 Qc7 10. Ng5 Bd6 11. e4 dxe4 12. dxe4 0-0-0 13. Bd2 Bf8 14. c4 h6 15. Nf3 h5 16. Qe1 h4 17. Nh1 Nxe4 18. Rd1 Nxd2 19. Nxd2 Bd6 20. g3 Nd4 21. Nf3 Qc6 22. Qf2 g5 23. fxg5 Rdg8 24. gxh4 Rxh4 25. Qxh4 Nxe2+ 26. Kg2 Bf4 27. Ng3 Bxg5 28. Qh7 Nf4+ 29. Kh1 Qe8 30. Qc2 Bh4 31. Qf2 Bxg3 32. Qc2 Bxh2 33. Rd2 Bg3 34. Kg1 Be1+ 35. Rg2 Rxg2+ 36. Qxg2 Nxg2 37. Nxe1 Nxe1 0-1

[Event "SH-ch Seniors op"]
[Site "Eckernfoerde"]
[Date "2012.10.02"]
[Round "4.13"]
[White "Albers, Friedemann"]
[Black "Berenstein, Alexander"]
[Result "0-1"]
[WhiteElo "1941"]
[BlackElo "2058"]
[PlyCount "128"]
[EventDate "2012.09.29"]
[EventType "swiss"]
[EventRounds "7"]
[EventCountry "GER"]
[SourceTitle "EXT 2022"]
[Source "ChessBase"]
[SourceDate "2021.10.06"]
[SourceVersion "1"]
[SourceVersionDate "2021.10.06"]
[SourceQuality "1"]

1. d4 Nf6 2. Nf3 e6 3. e3 b6 4. Nbd2 Bb7 5. b3 d5 6. Bb2 Nbd7 7. Bd3 a6 8. 0-0 c5 9. c4 Be7 10. cxd5 Nxd5 11. Re1 0-0 12. Nc4 f5 13. e4 Nf4 14. exf5 Nxd3 15. Qxd3 exf5 16. Qe3 Be4 17. Ncd2 Nf6 18. Nxe4 fxe4 19. Ng5 Nd5 20. Ne6 Nxe3 21. Nxd8 Nc2 22. Rxe4 Nxa1 23. Rxe7 Raxd8 24. Bxa1 cxd4 25. Kf1 Rf6 26. Ke1 Kf8 27. Re4 Rfd6 28. Kd2 d3 29. Rf4+ Kg8 30. Rf3 Rf8 31. Rxf8+ Kxf8 32. h4 Kf7 33. g3 h5 34. Bc3 g6 35. a3 Ke6 36. Ke3 Kf5 37. Bb4 Rd5 38. Bc3 a5 39. Bd2 Rd6 40. Bc3 Rd5 41. Bd2 Ke5 42. b4 a4 43. Bc1 Kd6 44. Kd2 Kc6 45. Kc3 b5 46. Be3 Kd6 47. Bf4+ Ke6 48. Be3 Kf5 49. f3 Ke5 50. Bf4+ Ke6 51. Be3 Rd7 52. Bf4 Kf5 53. Be3 Ke5 54. Bf4+ Kd5 55. Kxd3 Re7 56. Be3 Re8 57. Bd2 Rc8 58. g4 hxg4 59. fxg4 Rc4 60. g5 Rxh4 61. Bc1 Rh3+ 62. Kc2 Kc4 63. Bd2 Rh2 64. Kc1 Kb3 0-1

[Event "Pinneberg op Seniors 13th"]
[Site "Pinneberg"]
[Date "2012.07.26"]
[Round "6"]
[White "Cassens, Erhard Otto"]
[Black "Albers, Friedemann"]
[Result "1-0"]
[WhiteElo "1711"]
[BlackElo "1775"]
[PlyCount "97"]
[EventDate "2012.06.21"]
[EventType "swiss"]
[EventRounds "7"]
[EventCountry "GER"]
[SourceTitle "EXT 2013"]
[Source "ChessBase"]
[SourceDate "2012.11.22"]
[SourceVersion "1"]
[SourceVersionDate "2012.11.22"]
[SourceQuality "1"]

1. d4 Nf6 2. Bf4 d5 3. e3 c5 4. Nd2 Nc6 5. c3 e6 6. Bd3 Be7 7. Ngf3 Bd7 8. Ne5 Rc8 9. 0-0 a6 10. Bg5 b5 11. Bxf6 Bxf6 12. Nxd7 Qxd7 13. dxc5 Ne5 14. Nb3 Nxd3 15. Qxd3 Be7 16. Rfd1 Qc6 17. Qd4 0-0 18. a4 Bxc5 19. axb5 axb5 20. Qd3 Qb7 21. Ra5 Bd6 22. Rxb5 Qc7 23. h3 Rb8 24. Nd4 Rfc8 25. Kf1 Be5 26. Nf3 Bf6 27. g4 Rxb5 28. Qxb5 Rb8 29. Qe2 Qb7 30. Rd2 g6 31. Rc2 Qb3 32. Qd3 Kf8 33. Nd2 Qb7 34. Ke2 Rc8 35. f3 Qc7 36. f4 g5 37. Qxh7 gxf4 38. Qh6+ Ke7 39. Qxf4 e5 40. Qf5 e4 41. Qf4 Be5 42. Qf5 Bf6 43. Rc1 Qh2+ 44. Kd1 Rh8 45. Kc2 Rxh3 46. Qxd5 Qg2 47. Qxe4+ Qxe4+ 48. Nxe4 Rxe3 49. Nxf6 1-0

[Event "Pinneberg op Seniors 13th"]
[Site "Pinneberg"]
[Date "2012.07.12"]
[Round "4"]
[White "Grothkopp, Dietrich"]
[Black "Albers, Friedemann"]
[Result "0-1"]
[WhiteElo "1716"]
[BlackElo "1775"]
[PlyCount "70"]
[EventDate "2012.06.21"]
[EventType "swiss"]
[EventRounds "7"]
[EventCountry "GER"]
[SourceTitle "EXT 2013"]
[Source "ChessBase"]
[SourceDate "2012.11.22"]
[SourceVersion "1"]
[SourceVersionDate "2012.11.22"]
[SourceQuality "1"]

1. d4 c5 2. e3 d5 3. dxc5 e5 4. c4 Nf6 5. Nc3 d4 6. exd4 exd4 7. Na4 Bd7 8. b4 Qe7+ 9. Be2 d3 10. Qxd3 Bxa4 11. b5 Qxc5 12. a3 Be7 13. Bb2 0-0 14. Bf3 Rd8 15. Qc3 Qc7 16. Ne2 a6 17. Rc1 Nbd7 18. Qe3 Bc5 19. Qc3 axb5 20. 0-0 bxc4 21. Qxc4 b5 22. Qc3 Rac8 23. g4 Bb6 24. Qb4 Qb8 25. g5 Ne8 26. Bc6 Qd6 27. Qxd6 Nxd6 28. Nf4 Nb8 29. Nd5 Nxc6 30. Rxc6 Rxc6 31. Ne7+ Kf8 32. Nxc6 Rc8 33. Ne5 Rd8 34. h4 Nc4 35. Bc1 Nxe5 0-1

[Event "Pinneberg op Seniors 13th"]
[Site "Pinneberg"]
[Date "2012.06.21"]
[Round "1"]
[White "Albers, Friedemann"]
[Black "Kock, Rudolf"]
[Result "1-0"]
[WhiteElo "1775"]
[BlackElo "1401"]
[PlyCount "91"]
[EventDate "2012.06.21"]
[EventType "swiss"]
[EventRounds "7"]
[EventCountry "GER"]
[SourceTitle "EXT 2013"]
[Source "ChessBase"]
[SourceDate "2012.11.22"]
[SourceVersion "1"]
[SourceVersionDate "2012.11.22"]
[SourceQuality "1"]

1. d4 e6 2. Nf3 c5 3. e3 Nf6 4. Bd3 d5 5. b3 Nc6 6. 0-0 Nb4 7. Be2 Bd6 8. a3 Nc6 9. dxc5 Bxc5 10. c4 e5 11. Bb2 d4 12. b4 Bb6 13. c5 Bc7 14. exd4 e4 15. Ne5 Nxe5 16. dxe5 Qxd1 17. Rxd1 Ng4 18. Bxg4 Bxg4 19. Re1 Rd8 20. h3 Bf5 21. g4 Bg6 22. e6 f6 23. Nc3 Be5 24. Na4 Bxb2 25. Nxb2 Rd2 26. Nc4 Rd4 27. Nd6+ Ke7 28. Nxb7 h5 29. Rad1 Rxd1 30. Rxd1 hxg4 31. Rd7+ Kxe6 32. Rxg7 Be8 33. Nd8+ Ke5 34. c6 gxh3 35. Kh2 Bg6 36. c7 Bf5 37. Nc6+ Kf4 38. b5 Re8 39. Nxa7 e3 40. fxe3+ Rxe3 41. c8Q Re2+ 42. Kh1 Re1+ 43. Rg1 Be4+ 44. Kh2 Re2+ 45. Kxh3 Re3+ 46. Kh4 1-0